| 000 | 00371nam a2200145Ia 4500 | ||
|---|---|---|---|
| 005 | 20250729165802.0 | ||
| 008 | 250729s2011 xx 000 0 und d | ||
| 041 | _aeng | ||
| 082 | _a370.15 JOHC | ||
| 100 |
_aJohn W Santra _9232963 |
||
| 245 | _aChild Development | ||
| 260 |
_aNew Delhi _bMc Graw Hill Education _c2011 |
||
| 300 | _a604p | ||
| 650 |
_aPsychology _9232964 |
||
| 999 |
_c240044 _d240044 |
||